LEADER 03791nam 2200589 450 001 9910155411203321 005 20200917021826.0 010 $a3-11-048843-4 010 $a3-11-049081-1 024 7 $a10.1515/9783110490817 035 $a(CKB)3710000000926282 035 $a(DE-B1597)468886 035 $a(OCoLC)966429013 035 $a(OCoLC)979762854 035 $a(DE-B1597)9783110490817 035 $a(MiAaPQ)EBC4787557 035 $a(Au-PeEL)EBL4787557 035 $a(CaPaEBR)ebr11331289 035 $a(CaONFJC)MIL988080 035 $a(EXLCZ)993710000000926282 100 $a20170125h20162016 uy 0 101 0 $aeng 135 $aur||||||||||| 181 $ctxt$2rdacontent 182 $cc$2rdamedia 183 $acr$2rdacarrier 200 00$aEnglish in computer-mediated communication $evariation, representation, and change /$fedited by Lauren Squires 210 1$aBoston, [Massachusetts] ;$aBerlin, [Germany] :$cDe Gruyter Mouton,$d2016. 210 4$dİ2016 215 $a1 online resource (vi, 380 pages) 225 1 $aTopics in English Linguistics,$x1434-3452 ;$vVolume 93 311 $a3-11-061072-8 311 $a3-11-048832-9 320 $aIncludes bibliographical references and index. 327 $tFrontmatter -- $tTable of contents -- $tContributors -- $tIntroduction: Variation, representation, and change in English in CMC / $rSquires, Lauren -- $tI. Code and Variety -- $tModular repertoires in English-using social networks: A study of language choice in the networks of adult Facebook users / $rHinrichs, Lars -- $tTweets as graffiti: What the reconstruction of Vulgar Latin can tell us about Black Twitter / $rJones, Taylor -- $t"Ets jast ma booooooooooooo": Social meanings of Scottish accents on YouTube / $rCutler, Cecelia -- $tII. Contact, Spread, and Innovation -- $tGlobal varieties of English gone digital: Orthographic and semantic variation in digital Nigerian Pidgin / $rHeyd, Theresa -- $tVirtual meatspace: Word formation and deformation in cyberpunk discussions / $rGarley, Matt / Slade, Benjamin -- $tLanguage change because Twitter? Factors motivating innovative uses of because across the English-speaking Twittersphere / $rBohmann, Axel -- $tGrammatical feature frequencies of English on Twitter in Finland / $rCoats, Steven -- $tIII. Style and Identity -- $tStylistic uniformity and variation online and on-screen: A case study of The Real Housewives / $rSquires, Lauren -- $tExploring stylistic co-variation on Twitter: The case of DH / $rCallier, Patrick -- $tWho I am and who I want to be: Variation and representation in a messaging platform / $rChilds, Becky -- $tIV. Mode and Medium -- $tElectronically-mediated Englishes: Synchronicity revisited / $rBieswanger, Markus -- $tSocial factors and lexical frequency influencing English adjective gradation in speech and CMC / $rLaFave, Nathan -- $tImplications of attitudes about non-standard English on interactional structure in the computer-mediated workplace: A story of two modes / $rIorio, Josh -- $t"At least I'm not Chinese, gay, or female": Marginalized voices in World of Warcraft / $rCollister, Lauren B. -- $tIndex 410 0$aTopics in English linguistics ;$vVolume 93. 606 $aCommunication$xComputer networks 606 $aEnglish language$xData processing 606 $aSociolinguistics 608 $aElectronic books. 615 0$aCommunication$xComputer networks. 615 0$aEnglish language$xData processing. 615 0$aSociolinguistics. 676 $a428.00285 702 $aSquires$b Lauren$c(Linguist), 801 0$bMiAaPQ 801 1$bMiAaPQ 801 2$bMiAaPQ 906 $aBOOK 912 $a9910155411203321 996 $aEnglish in computer-mediated communication$92467373 997 $aUNINA LEADER 05378nam 2200661Ia 450 001 9910784364603321 005 20200520144314.0 010 $a1-280-62948-7 010 $a9786610629480 010 $a0-08-045992-7 035 $a(CKB)1000000000349870 035 $a(EBL)269707 035 $a(OCoLC)455949338 035 $a(SSID)ssj0000225261 035 $a(PQKBManifestationID)11190772 035 $a(PQKBTitleCode)TC0000225261 035 $a(PQKBWorkID)10230617 035 $a(PQKB)11675332 035 $a(Au-PeEL)EBL269707 035 $a(CaPaEBR)ebr10138644 035 $a(CaONFJC)MIL62948 035 $a(CaSebORM)9780750679275 035 $a(MiAaPQ)EBC269707 035 $a(PPN)170249948 035 $a(EXLCZ)991000000000349870 100 $a20050511d2005 uy 0 101 0 $aeng 135 $aurcn||||||||| 181 $ctxt 182 $cc 183 $acr 200 10$aPower electronics design$b[electronic resource] $ea practitioner's guide /$fKeith H. Sueker 205 $a1st edition 210 $aBurlington, MA $cElsevier/Newnes$dc2005 215 $a1 online resource (273 p.) 300 $aIncludes index. 311 $a1-4933-0316-3 311 $a0-7506-7927-1 327 $afront cover; copyright; table of contents; front matter; List of Figures; List of Tables; Preface; body; 1. Electric Power; 1.1. AC versus DC; 1.2. Pivotal Inventions; 1.3. Generation; 1.4. Electric Traction; 1.5. Electric Utilities; 1.6. In-Plant Distribution; 1.7. Emergency Power; 2. Power Apparatus; 2.1. Switchgear; 2.2. Surge Suppression; 2.3. Conductors; 2.4. Capacitors; 2.5. Resistors; 2.6. Fuses; 2.7. Supply Voltages; 2.8. Enclosures; 2.9. Hipot, Corona, and BIL; 2.10. Spacings; 2.11. Metal Oxide Varistors; 2.12. Protective Relays; 3. Analytical Tools; 3.1. Symmetrical Components 327 $a3.2. Per Unit Constants 3.3. Circuit Simulation; 3.4. Simulation Software; 4. Feedback Control Systems; 4.1. Basics; 4.2. Amplitude Responses; 4.3. Phase Responses; 4.4. PID Regulators; 4.5. Nested Control Loops; 5. Transients; 5.1. Line Disturbances; 5.2. Circuit Transients; 5.3. Electromagnetic Interference; 6. Traveling Waves; 6.1. Basics; 6.2. Transient Effects; 6.3. Mitigating Measures; 7. Transformers and Reactors; 7.1. Transformer Basics; 7.2. Construction; 7.3. Insulation Systems; 7.4. Basic Insulation Level; 7.5. Eddy Current Effects; 7.6. Interphase Transformers 327 $a7.7. Transformer Connections 7.8. Reactors; 7.9. Units; 7.10. Cooling; 7.11. Instrument Transformers; 8. Rotating Machines; 8.1. Direct Current Machines; 8.2. Synchronous Machines; 8.3. Induction (Asynchronous) Machines; 8.4. NEMA Designs; 8.5. Frame Types; 8.6. Linear Motors; 9. Rectifiers and Converters; 9.1. Early Rectifiers; 9.2. Mercury Vapor Rectifiers; 9.3. Silicon Diodes--The Semiconductor Age; 9.4. Rectifier Circuits--Single-Phase; 9.5. Rectifier Circuits--Multiphase; 9.6. Commutation; 10. Phase Control; 10.1. The SCR; 10.2. Forward Drop; 10.3. SCR Circuits--AC Switches 327 $a10.4. SCR Motor Starters 10.5. SCR Converters; 10.6. Inversion; 10.7. Gate Drive Circuits; 10.8. Power to the Gates; 10.9. SCR Autotapchangers; 10.10. SCR DC Motor Drives; 10.11. SCR AC Motor Drives; 10.12. Cycloconverters; 11. Series and Parallel Operation; 11.1. Voltage Sharing; 11.2. Current Sharing; 11.3. Forced Sharing; 12. Pulsed Converters; 12.1. Protective Devices; 12.2. Transformers; 12.3. SCRs; 13. Switchmode Systems; 13.1. Pulse Width Modulation; 13.2. Choppers; 13.3. Boost Converters; 13.4. The 'H' Bridge; 13.5. High-Frequency Operation; 13.6. Harmonic Injection 327 $a13.7. Series Bridges14. Power Factor and Harmonics; 14.1. Power Factor; 14.2. Harmonics; 14.3. Fourier Transforms; 14.4. Interactions with the Utility; 14.5. Telephone Influence Factor; 14.6. Distortion Limits; 14.7. Zero-Switching; 15. Thermal Considerations; 15.1. Heat and Heat Transfer; 15.2. Air Cooling; 15.3. Water Cooling; 15.4. Device Cooling; 15.5. Semiconductor Mounting; 16. Power Electronics Applications; 16.1. Motor Drives and SCR Starters; 16.2. Glass Industry; 16.3. Foundry Operations; 16.4. Plasma Arcs and Arc Furnaces; 16.5. Electrochemical Supplies; 16.6. Cycloconverters 327 $a16.7. Extremely Low-Frequency Communications 330 $aThis book serves as an invaluable reference to Power Electronics Design, covering the application of high-power semiconductor technology to large motor drives, power supplies, power conversion equipment, electric utility auxiliaries and numerous other applications.Design engineers, design drafters and technicians in the power electronics industry, as well as students studying power electronics in various contexts, will benefit from Keith Sueker's decades of experience in the industry. With this experience, the author has put the overall power electronics design process in the context o 606 $aPower electronics$xDesign and construction 606 $alectronics$xDesign and construction 615 0$aPower electronics$xDesign and construction. 615 0$alectronics$xDesign and construction. 676 $a621.31/7 700 $aSueker$b Keith H$01498211 801 0$bMiAaPQ 801 1$bMiAaPQ 801 2$bMiAaPQ 906 $aBOOK 912 $a9910784364603321 996 $aPower electronics design$93723695 997 $aUNINA